|
|
|
|
| LEADER |
00000nam0a2200000 4500 |
| 001 |
365617 |
| 005 |
20231102011813.0 |
| 035 |
|
|
|a (RuTPU)RU\TPU\retro\22980
|
| 035 |
|
|
|a RU\TPU\retro\22967
|
| 090 |
|
|
|a 365617
|
| 100 |
|
|
|a 20220114d1963 k y0rusy50 ca
|
| 101 |
0 |
|
|a rus
|
| 102 |
|
|
|a RU
|
| 105 |
|
|
|a af z 001zy
|
| 200 |
1 |
|
|a Граниты Кольского полуострова и Карелии
|f Академия наук СССР, Институт геологических наук ; под ред. А. А. Полканова , В. А. Масленикова , Г. О. Глебова-Кульбах
|
| 210 |
|
|
|a Москва
|a Ленинград
|c Изд-во АН СССР
|d 1963
|
| 215 |
|
|
|a 337 стр.
|
| 225 |
1 |
|
|a Труды Лаборатории геологии докембрия
|v Вып. 15
|
| 320 |
|
|
|a Библиогр. в конце ст.
|
| 606 |
1 |
|
|a Докембрий
|2 stltpush
|3 (RuTPU)RU\TPU\subj\67322
|9 83166
|
| 606 |
1 |
|
|a Геология
|2 stltpush
|3 (RuTPU)RU\TPU\subj\6095
|9 34054
|
| 610 |
1 |
|
|a Кольский полуостров
|
| 610 |
1 |
|
|a гранитоиды
|
| 610 |
1 |
|
|a гнейсограниты
|
| 610 |
1 |
|
|a физико-химические особенности
|
| 610 |
1 |
|
|a супракрустальный комплекс
|
| 610 |
1 |
|
|a петрография
|
| 610 |
1 |
|
|a интрузивный комплекс
|
| 610 |
1 |
|
|a саамы
|
| 610 |
1 |
|
|a архей
|
| 610 |
1 |
|
|a протерозой
|
| 610 |
1 |
|
|a мигматиты
|
| 610 |
1 |
|
|a сиенит-магматиты
|
| 610 |
1 |
|
|a щелочные граниты
|
| 610 |
1 |
|
|a магматические граниты
|
| 610 |
1 |
|
|a химизм
|
| 610 |
1 |
|
|a архейский фундамент
|
| 610 |
1 |
|
|a строение
|
| 610 |
1 |
|
|a интрузии
|
| 610 |
1 |
|
|a петрология
|
| 610 |
1 |
|
|a геохронология
|
| 675 |
|
|
|a 55(571.1/.5)
|v 3
|
| 702 |
|
1 |
|a Полканов
|b А. А.
|c петрограф
|c геолог
|f 1888-1963
|g Александр Алексеевич
|2 stltpush
|3 (RuTPU)RU\TPU\pers\23902
|4 340
|9 10546
|
| 702 |
|
1 |
|a Маслеников
|b В. А.
|4 340
|
| 702 |
|
1 |
|a Глебова-Кульбах
|b Г. О.
|4 340
|
| 712 |
0 |
2 |
|a Академия наук СССР
|b Институт геологических наук
|c (Ленинград/Москва)
|c (1937-1956)
|2 stltpush
|3 (RuTPU)RU\TPU\col\15163
|9 26091
|
| 801 |
|
0 |
|a RU
|b 63413507
|c 20011210
|g PSBO
|
| 801 |
|
2 |
|a RU
|b 63413507
|c 20220207
|g PSBO
|
| 942 |
|
|
|c BK
|